• 首页
  • 本馆介绍
  • 公告通知
  • 最新文献
  • 馆藏检索
  • 电子资源
  • 读者导购
  • 参考咨询
  • 我的图书馆
  • 登录
  • 详细信息显示
  • 放入我的书架
  • 预约/预借图书
  • 作者相关作品
  • 分类相关作品
  • 丛书相关作品
  • 出版社相关作品

书目信息

  • 表格格式
  • 工作单格式
  • 卡片格式
题名:
金属与合金的超导电性
    
 
作者: 让纳 , Gennes 著 ;刘长富 译
分册:  
出版信息: 北京   科学出版社  1980
页数: 288页
开本: 19cm
丛书名:
单 册:
中图分类: O511
科图分类:
主题词: 合金-超导电性 , 金属-超导电性 , 超导电性-金属 , 超导电性-合金
电子资源:
ISBN:
000 00875nam0 2200289 45
001 0180006557
005 20060814085025.28
010    @dCNY1.45
100    @a19960215d1980 em y0chiy0121 ea
101 1  @achi@ceng
102    @aCN@b110000
105    @ay z 000yy
200 10 @a金属与合金的超导电性@Ajin shu yu ge jin de chao dao dian xing@f( )让纳(P.G.De.Gennes)著@g刘长富等译
210    @a北京@c科学出版社@d1980
215    @a288页@d19cm
300    @a书名原文:Supercoductivity of metals and alloys
510 1  @aSupercoductivity of metals and alloys@zeng
606    @a合金-超导电性
606    @a金属-超导电性
606    @a超导电性-金属
606    @a超导电性-合金
690    @aO511@v3
701  1 @a让纳@Arang na@bP.G.De.@4著
701 A1 @aGennes@bP.G.De.@4著
702  0 @a刘长富@Aliu chang fu@4译
801  0 @aCN@bTSSF@c20060814
905    @a10447@dO511@e12
    
    金属与合金的超导电性/( )让纳(P.G.De.Gennes)著/刘长富等译.-北京:科学出版社,1980
    288页;19cm
    书名原文:Supercoductivity of metals and alloys
    
    ISBN :CNY1.45
    
●
相关链接 在E读中查询图书 在五车中查询图书 在当当中查询图书 在豆瓣中查询图书


正题名:金属与合金的超导电性     索取号:O511/12         预约/预借

序号 登录号 条形码 馆藏地/架位号 状态 备注
1 0434106   204341060   密集书库/ [索取号:O511/12] 在馆    
2 0434107   204341079   密集书库/ [索取号:O511/12] 在馆    
3 0460794   204607942   密集书库/ [索取号:O511/12] 在馆    
4 0460795   204607951   密集书库/ [索取号:O511/12] 在馆    
唐山师范学院图书馆 欢迎您!
大连网信软件有限公司© 版权所有